000 00382nam a2200157Ia 4500
003 SGT
082 _a4
_bSHA
100 _aSharma,J.N
245 _aReal Analysis
260 _bKrishna Prakashan Mandir
_aMeerut
_c1986
300 _a603p.
650 _aCOMPUTER SCIENCE
653 _aELEMENTS SET THEORY, REAL AND COMPLEX NUMBER SYSTEMS
700 _aVasishtha,A.R
942 _2ddc
_cBK
999 _c5379
_d5379